MARC

Tag First Indicator Second Indicator Subfields
LEADER 00000cas a2200000 a 4500
001 in00000098597
005 20150924085843.0
008 820716d19821982dcuar1 0uuua0eng d
010 |a  82647078   |z sn 82006016  
012 |a 3  |b 3 
019 |a 8621444 
022 0 |a 0733-9046 
030 |a ISNCDI 
035 |a (OCoLC)08605610 
035 |9 AAK9701AM 
037 |b Office of Information, National Academy of Science, 2101 Constitution Ave., Washington, D.C. 20418 
040 |a GIS  |c GIS  |d NSD  |d HUL  |d OCL  |d DLC  |d NST  |d OCL  |d NST  |d DLC  |d NST  |d SER  |d NST  |d RCS  |d NST  |d AIP  |d NST  |d TXA  |d UtOrBLW 
042 |a lc  |a nsdp 
043 |a n-us--- 
049 |a TXAE 
050 0 0 |a Q180.U5  |b N332c 
060 0 0 |a W1 NA628AA 
069 1 |a N06115000 
082 0 |a 505  |2 19 
090 |a Q11  |b .N295 
110 2 |a National Research Council (U.S.) 
210 0 |a Issues stud. - Natl. Res. Counc. (U.S.) 
222 0 |a Issues and studies - National Research Council (U.S.) 
245 1 0 |a Issues and studies. 
264 1 |a Washington, D.C. :  |b Office of Information, National Academy of Sciences,  |c 1982- 
300 |a 1 volume :  |b illustrations ;  |c 26 cm. 
310 |a Annual 
336 |a text  |b txt  |2 rdacontent 
337 |a unmediated  |b n  |2 rdamedia 
338 |a volume  |b nc  |2 rdacarrier 
362 0 |a 1981-1982. 
500 |a Issue for 1981/1982 include bibliographies for reports published the preceding year. 
510 0 |a Chemical abstracts  |x 0009-2258 
610 2 0 |a National Research Council (U.S.)  |x Periodicals. 
650 0 |a Research  |z United States  |v Periodicals. 
710 2 |a National Academy of Sciences (U.S.) 
710 2 |a National Academy of Engineering. 
710 2 |a Institute of Medicine (U.S.) 
780 0 0 |a National Research Council (U.S.)  |t Issues and current studies  |w (DLC)sc 82002281 
999 |a MARS 
999 f f |s cf5bfb53-0e69-3ffa-a091-f727ef93485a  |i ba761ac0-e4ff-3fbe-989b-89fa042eb83e  |t 0 
952 f f |p ric  |a Texas A&M University  |b Rellis Campus  |c Joint Library Facility  |d Remote Storage  |t 0  |e Q11 .N295  |h Library of Congress classification  |i unmediated -- volume  |l 1981-1982  |m A14806029724 
998 f f |a Q11 .N295  |s 1981-1982  |t 0  |l Remote Storage